| 000 | 01592nam a2200433 c 4500 | ||
|---|---|---|---|
| 001 | 44900 | ||
| 003 | ES-MaCES | ||
| 005 | 20240131040003.0 | ||
| 008 | 140707s2012 sp 000 | spa d | ||
| 017 |
_aNA 1050-2012 _bDL |
||
| 020 | _a9788490140567 | ||
| 040 |
_aES-MaCES _bspa _cES-MaCES |
||
| 245 | 0 | 0 |
_aSociedad civil y cohesión social en Iberoamérica _b: guía de instrumentos jurídicos internacionales sobre la participación de la sociedad civil y la cohesión social en Iberoamérica _cCástor Migule Díaz Barrado, Juan Manuel Rodríguez Barrigón (dirs.) |
| 250 | _a1ª ed | ||
| 260 |
_aCizur Menor (Navarra) _bAranzadi-Thomson Reuters _c2012 |
||
| 300 |
_a247 p. _c23 cm _e1 CD-ROM |
||
| 490 | 1 | _aEstudios | |
| 500 | _aPubl. simultáneamente en CD-ROM | ||
| 504 | _aBibliografía | ||
| 541 | _cCompra | ||
| 650 | 4 |
_asociedad _927269 |
|
| 650 | 4 |
_acohesión social _930743 |
|
| 650 | 4 |
_aparticipación social _927284 |
|
| 650 | 4 |
_aparticipación popular _929756 |
|
| 650 | 4 |
_acooperación regional _926636 |
|
| 650 | 4 |
_aorganización regional _926703 |
|
| 650 | 4 |
_adesarrollo regional _929186 |
|
| 650 | 4 |
_aderecho internacional _926684 |
|
| 650 | 4 |
_aAmérica Latina _926882 |
|
| 650 | 4 |
_aguía _929262 |
|
| 650 | 4 |
_aCD ROM _930331 |
|
| 653 | 1 | 0 | _aDesarrollo regional |
| 650 | 4 |
_929234 _adesarrollo económico y social |
|
| 700 | 1 |
_910663 _aDíaz Barrado, Cástor Miguel _edir. |
|
| 700 | 1 |
_935085 _aRodríguez Barrigón, Juan Manuel _edir. |
|
| 830 | 0 |
_aEstudios (Thomson Reuters-Aranzadi) _v45 _934937 |
|
| 902 | _aLIB Libro | ||
| 942 |
_2CES _cBK _h1.1. |
||
| 999 |
_c44900 _d44900 |
||